Statistiques concernant BIA - Classification des aéronefs

Cliquez ici pour prendre le quiz!

Statistiques générales

  • Ce quiz a été pris 72 fois
  • Le résultat moyen est 3 sur 10

Statistiques - réponses

HintRéponse% Correct
8Avions
59%
2Aérostats: les "plus légers que l'air". La sustentation est due à la "flottabilité".
57%
5Engins Spatiaux
43%
9ULM
43%
3Aérodynes: les "plus lourds que l'air"; la sustentation est obtenue par l'application des lois de l'aérodynamique. à voilure fixe, souple ou tournante.
41%
1Aérospatiaux: ils obéissent à la fois aux lois de l'aérodynamique et de la balistique.
30%
6Planeurs
25%
4Engins Aérospatiaux
18%
7Giravions
4%
10Aéromodèles
2%

Distribution des résultats

Percentile par nombre de réponses

% des personnes avec chaque résultat

Votre développement - résultats

Vous n’avez pas pris ce quiz